000 00274nam a22001097a 4500
008 170110b xxu||||| |||| 00| 0 eng d
020 _a9780803602083
041 _aeng
080 _a618.2
245 _aTRANSCULTURAL HEALTH CARE
_cPURNELL, L.D & PAULANKA, B.J
942 _2udc
_cBK
999 _c2670
_d2670